Krónikus vesebetegség pathomechanizmusa

Elmentve itt :
Bibliográfiai részletek
Szerző: Csabafi Krisztina
Dokumentumtípus: Videó
Kulcsszavak:vesebetegség
Tárgyszavak:
Online Access:http://eta.bibl.u-szeged.hu/5313
LEADER 00898ngm a2200217 i 4500
001 eta5313
005 20210317152604.0
008 210317suuuu hu o 0|| hun d
040 |a SZTE Elektronikus Tananyag Archívum  |b hun 
041 |a hun 
100 1 |a Csabafi Krisztina 
245 1 0 |a Krónikus vesebetegség pathomechanizmusa  |h [elektronikus dokumentum] /  |c  Csabafi Krisztina 
246 1 0 |a Pathomechanism of chronic kidney disease  |h [elektronikus dokumentum] 
516 |a Video 
650 4 |a Orvos- és egészségtudomány 
650 4 |a Klinikai orvostan 
650 4 |a Urológia és nefrológia 
650 4 |a Nefrológia 
695 |a vesebetegség 
856 4 0 |u https://eta.bibl.u-szeged.hu/5313/1/kronikus_vesebetegseg_csabafi_krisztina_20200730.mp4  |z Dokumentum-elérés  
856 4 0 |u https://eta.bibl.u-szeged.hu/5313/2/kronikus_vesebetegseg_csabafi_krisztina_20200730_melleklet.pdf  |z Dokumentum-elérés